Loading...

Promoting children's rights in social work and social care : a guide to participatory practice /

Bibliographic Details
Main Author: Bell, Margaret
Format: Printed Book
Language:English
Published: London ; Philadelphia, PA : Jessica Kingsley Publishers, 2011.
Subjects:
LEADER 00858 a2200193 4500
008 100208b ||||| |||| 00| 0 eng d
020 |a 9781843106074 (alk. paper) 
020 |a 1843106078 (alk. paper) 
082 0 0 |a 362.7 
100 1 |a Bell, Margaret. 
245 1 0 |a Promoting children's rights in social work and social care :  |b a guide to participatory practice /  |c Margaret Bell ; foreword by Mary John 
260 |a London ;  |a Philadelphia, PA :  |b Jessica Kingsley Publishers,  |c 2011. 
300 |3 224 p. 
650 0 |a Children's rights 
650 0 |a Social work with children 
650 0 |a Child welfare 
942 |c BK 
999 |c 318776  |d 318776 
952 |0 0  |1 0  |2 ddc  |4 0  |6 362_700000000000000_BEL_P  |7 0  |9 365013  |a ECN  |b ECN  |c ST1  |d 2018-04-28  |e The Book Shop, Publication Division, University of Calicut  |i 9321  |l 1  |m 2  |o 362.7 BEL/P  |p ECN9321  |r 2019-12-09  |s 2019-07-02  |w 2018-04-28  |y BK